00439nam a2200169Ia 4500003000400000005001700004008004100021020002900062040001700091082002000108100001500128245005400143250001100197260002800208300001900236650001400255IIN20240129152608.0231217s9999 xx 000 0 und d cRs.525.00a9789386006950 aIINbEnglish a610.73 bGAN1 aGanesh, P.1 aTextbook of Sociology for B.Sc NursingcP. Ganesh a3rd ed bEMMESSaBangalorec2019 a"viii, 325 p."1 aSociology